RN NURSING CARE OF CHILDREN (Record no. 19907)

MARC details
000 -LEADER
fixed length control field 00501nam a22001817a 4500
003 - CONTROL NUMBER IDENTIFIER
control field OSt
005 - DATE AND TIME OF LATEST TRANSACTION
control field 20250723164129.0
008 - FIXED-LENGTH DATA ELEMENTS--GENERAL INFORMATION
fixed length control field 250723b |||||||| |||| 00| 0 eng d
020 ## - INTERNATIONAL STANDARD BOOK NUMBER
International Standard Book Number 978-1-933107-82-0
040 ## - CATALOGING SOURCE
Transcribing agency CHUKA UNIRVESTY LIBRARY
100 ## - MAIN ENTRY--PERSONAL NAME
Personal name AUAREY KINAPPA & SHERLY SOMMER
9 (RLIN) 20413
245 ## - TITLE STATEMENT
Title RN NURSING CARE OF CHILDREN
260 ## - PUBLICATION, DISTRIBUTION, ETC.
Place of publication, distribution, etc. ASSESSMENT TECHNOLOGIES
300 ## - PHYSICAL DESCRIPTION
Extent 495p
Other physical details contain reference
650 ## - SUBJECT ADDED ENTRY--TOPICAL TERM
Topical term or geographic name entry element Nursing
9 (RLIN) 8975
700 ## - ADDED ENTRY--PERSONAL NAME
Personal name SUSAN ADCOCK
9 (RLIN) 20414
942 ## - ADDED ENTRY ELEMENTS (KOHA)
Source of classification or shelving scheme Library of Congress Classification
Koha item type Long Loan Books
Edition 8
Suppress in OPAC No
Holdings
Withdrawn status Lost status Source of classification or shelving scheme Damaged status Not for loan Home library Current library Date acquired Total Checkouts Full call number Barcode Date last seen Price effective from Koha item type
    Library of Congress Classification     Main Campus Library Chogoria Campus Library 23/07/2025   RJ120.N87.2012 27403/2025 23/07/2025 23/07/2025 Long Loan Books

Powered by Koha